000 00719nam a2200289Ia 4500
005 20260324135856.0
008 008 260324s9999 xx 000 0 eng d
020 _a9781315784526
037 _aEBOOK
040 _aCRL
040 _beng
040 _cCRL
041 _2eng
041 _aeng
084 _qCRL
100 _aMichael R. Butz; Linda Chamberlain
_91202247
245 0 _aClinical Chaos
245 2 _bA Therapist's Guide To Non-Linear Dynamics And Therapeutic Change
260 _bTaylor and Francis
260 _c1999
365 _a
365 _b240
856 _uhttp://www.taylorfrancis.com/books/9781315784526
942 _cEBOOK
999 _c1803769
_d1803769